LIBRARY & INFORMATION CENTRE, KCAET, TAVANUR

ONLINE PUBLIC ACCESS CATALOGUE (OPAC)

Measurement of utility / (Record no. 11911)

MARC details
000 -LEADER
fixed length control field 00485cam a2200193ua 4500
041 ## - LANGUAGE CODE
Language code of text/sound track or separate title eng
082 ## - DEWEY DECIMAL CLASSIFICATION NUMBER
Classification number 338.5212
Item number TAP/ME
100 ## - MAIN ENTRY--AUTHOR NAME
Personal name Tapas, Majumdar .
245 ## - TITLE STATEMENT
Title Measurement of utility /
250 ## - EDITION STATEMENT
Edition statement 1 /
260 ## - PUBLICATION, DISTRIBUTION, ETC. (IMPRINT)
Place of publication London :
Name of publisher MacMillan and Company Limited ,
Year of publication 1961.
300 ## - PHYSICAL DESCRIPTION
Number of Pages 143 ; .
942 ## - ADDED ENTRY ELEMENTS (KOHA)
Koha item type Books
Holdings
Withdrawn status Lost status Damaged status Home library Current library Date acquired Full call number Accession Number Koha item type
Withdrawn     KAUAET Sanskrit University 07/04/2012 338.5212 5170 Books
Withdrawn     KAUAET Sanskrit University 07/04/2012 338.5212 10491 Books
free website counter